000 00259nam a22001097a 4500
008 180730b xxu||||| |||| 00| 0 eng d
082 _a813.52
245 _aCritical Thinking Challenge
_cDelmar
300 _a1
_fCD
440 _x9781435419285
942 _2ddc
_cMX
999 _c46653
_d46653